000
00225 a2200097 4500
001
37988
100
_a
Miller R K
245
_a
Industrial robot Hand Book
260
_a
USA
_b
The Fairmont Press
_c
1987
090
_c
24167
_d
24167
942
_a
NUST-CAE
_c
M
_c
15744
999
_c
273061
_d
273061